000 00405nam a22001577a 4500
003 MPLRDC
005 20220104143036.0
008 210129b ||||| |||| 00| 0 eng d
082 _a050.1 DZWZ v.5 1992*
100 _a郑健娜总编辑
245 _a读者文摘. 五月号92
_c
260 _a
_b读者文摘亚洲有限公司
_c1992
300 _b
650 _a
942 _cBK
_o050.1 DZWZ v.5 1992*
999 _c36057
_d36047